[Event "N1 Reykjavik Open 2014"]
[Site "Reykjavik ISL"]
[Date "2014.03.05"]
[Round "2.28"]
[White "Lie, Espen"]
[Black "Hellwig, Tobias"]
[Result "1/2-1/2"]
[WhiteTitle "IM"]
[WhiteElo "2456"]
[BlackElo "2180"]
[WhiteFideId "1502611"]
[BlackFideId "4695429"]
[EventDate "2014.03.04"]

1. Nf3 Nf6 2. g3 g6 3. Bg2 Bg7 4. O-O O-O 5. c4 c6 6. d4 d5 7. Ne5 dxc4 8. Nxc4
Be6 9. Qd3 Nbd7 10. Rd1 Nb6 11. Na5 Qd7 12. Nb3 Bh3 13. Nc5 Qc8 14. Nc3 Bxg2 15.
Kxg2 Rd8 16. Qc2 Nfd5 17. e4 Nxc3 18. Qxc3 Nd7 19. Be3 Nxc5 20. Qxc5 Qe6 21. f3
Rd7 22. Rd2 Rad8 23. Qxa7 f5 24. e5 Bxe5 25. Bf2 Qc4 26. Rad1 c5 27. b3 Qb5 28.
d5 b6 29. Qa3 e6 30. dxe6 Rxd2 31. Rxd2 Rxd2 32. Qa8+ Kg7 33. e7 Rxf2+ 34. Kxf2
Bd4+ 35. Ke1 Bc3+ 36. Kf2 Bd4+ 1/2-1/2

[Event "N1 Reykjavik Open 2014"]
[Site "Reykjavik ISL"]
[Date "2014.03.05"]
[Round "2.29"]
[White "Bjerke, Richard"]
[Black "Djurhuus, Rune"]
[Result "1-0"]
[WhiteTitle "FM"]
[BlackTitle "GM"]
[WhiteElo "2162"]
[BlackElo "2447"]
[WhiteFideId "1500252"]
[BlackFideId "1500082"]
[EventDate "2014.03.04"]

1. e4 e6 2. d4 d5 3. Nd2 Be7 4. c3 c5 5. dxc5 Bxc5 6. Bd3 Nf6 7. Qe2 Nc6 8. Ngf3
a6 9. exd5 Nxd5 10. Ne4 Be7 11. O-O h6 12. Ng3 Qc7 13. Qe4 Nf6 14. Qe2 b5 15.
Be3 Bb7 16. Rfd1 Nd5 17. Nh5 g6 18. Ng3 Nf4 19. Bxf4 Qxf4 20. Be4 Rb8 21. a4 Nd8
22. axb5 Bxe4 23. Nxe4 axb5 24. Rd4 Qc7 25. Rad1 Nc6 26. Nd6+ Bxd6 27. Rxd6 O-O
28. g3 Rb7 29. h4 Na5 30. Ne5 Nc4 31. Rd7 Qc8 32. Rxb7 Qxb7 33. Nd7 Ra8 34. b3
Nb6 35. Nf6+ Kf8 36. Qe3 Kg7 37. Ng4 Kg8 38. Nxh6+ Kf8 39. Ng4 Nd5 40. Qh6+ Ke8
41. c4 bxc4 42. bxc4 Qb3 43. Rc1 Nc7 44. Qh8+ Kd7 45. Qf6 Kc8 46. Qxf7 Qb2 47.
Rd1 Qc2 48. Qd7+ Kb7 49. Ne5 Ra6 50. Nf7 Ra2 51. Nd6+ 1-0

[Event "N1 Reykjavik Open 2014"]
[Site "Reykjavik ISL"]
[Date "2014.03.05"]
[Round "2.30"]
[White "Browne, Walter S."]
[Black "Derraugh, Geordie"]
[Result "1-0"]
[WhiteTitle "GM"]
[WhiteElo "2444"]
[BlackElo "2173"]
[WhiteFideId "2000210"]
[BlackFideId "2603950"]
[EventDate "2014.03.04"]

1. e4 c5 2. Nf3 d6 3. d4 cxd4 4. Nxd4 Nf6 5. Nc3 a6 6. f3 e5 7. Nb3 Be6 8. Be3
h5 9. Qd2 Nbd7 10. Nd5 Bxd5 11. exd5 Nb6 12. c4 Rc8 13. Rc1 h4 14. Bd3 Nbd7 15.
O-O Be7 16. Na5 Qc7 17. b4 Nh5 18. Bf5 g6 19. Bxd7+ Qxd7 20. c5 O-O 21. Nc4 Qf5
22. cxd6 Bf6 23. d7 Rcd8 24. Nb6 Ng3 25. hxg3 hxg3 26. Rfe1 Qh5 27. Kf1 Qh1+ 28.
Ke2 Qxg2+ 29. Kd3 Qh3 30. Kc4 g2 31. Qe2 Rxd7 32. Nxd7 Qxd7 33. Qd2 Qa4 34. Kd3
Qb5+ 35. Kc2 a5 36. Kb1 axb4 37. Rc5 Qa4 38. Qc2 b3 39. Qxb3 Qh4 40. Rg1 Qg3 41.
Rc2 Qxf3 42. Rgxg2 Bg7 43. d6 Qd1+ 44. Rc1 Qf3 45. Rf2 Qe4+ 46. Rcc2 Qh1+ 47.
Bc1 e4 48. d7 Qh4 49. Rxf7 Bf6 50. Rxf6+ 1-0

[Event "N1 Reykjavik Open 2014"]
[Site "Reykjavik ISL"]
[Date "2014.03.05"]
[Round "2.31"]
[White "Beltz, Franziska"]
[Black "Kjartansson, Gudmundur"]
[Result "0-1"]
[WhiteTitle "WFM"]
[BlackTitle "IM"]
[WhiteElo "2155"]
[BlackElo "2441"]
[WhiteFideId "4681401"]
[BlackFideId "2301318"]
[EventDate "2014.03.04"]

1. e4 d6 2. d4 Nf6 3. Nc3 g6 4. h3 Bg7 5. Nf3 O-O 6. Be2 c6 7. a4 Nbd7 8. O-O
Qc7 9. Re1 Re8 10. a5 e5 11. Bf1 exd4 12. Nxd4 Nc5 13. f3 Nh5 14. g4 d5 15. Nce2
Ng3 16. exd5 Nxf1 17. Kxf1 Qh2 18. Bf4 Qxh3+ 19. Kf2 Qh4+ 20. Bg3 Qf6 21. Kg2 h5
22. gxh5 gxh5 23. Rh1 Re5 24. dxc6 Rg5 25. Qe1 bxc6 26. Rh4 Ba6 27. Rd1 Re8 28.
Qf2 Rd8 29. Rdh1 Bxe2 30. Nxe2 Qxb2 31. Rxh5 Ne6 32. Rxg5 Nxg5 33. Qe3 Qxc2 34.
Rc1 Qd2 35. Qe7 Rd7 36. Qe8+ Bf8 37. Bf4 Qd5 38. Qe3 Re7 39. Qf2 Nxf3 40. Qg3+
Bg7 41. Nc3 Ne1+ 42. Kf1 Qc4+ 43. Kg1 Nd3 44. Bh6 Qd4+ 0-1

[Event "N1 Reykjavik Open 2014"]
[Site "Reykjavik ISL"]
[Date "2014.03.05"]
[Round "2.32"]
[White "Ezat, Mohamed"]
[Black "Bjornsson, Bjorn Freyr"]
[Result "1-0"]
[WhiteTitle "IM"]
[WhiteElo "2439"]
[BlackElo "2158"]
[WhiteFideId "10600906"]
[BlackFideId "2300834"]
[EventDate "2014.03.04"]

1. d4 Nf6 2. Nf3 c5 3. d5 e6 4. c4 exd5 5. cxd5 d6 6. Nc3 g6 7. e4 Bg7 8. h3 O-O
9. Bd3 Nh5 10. O-O Nd7 11. Re1 Ne5 12. Be2 Nxf3+ 13. Bxf3 Qh4 14. Bxh5 gxh5 15.
Qf3 f5 16. Qf4 Qe7 17. Qg3 h4 18. Qg5 Qf7 19. Bf4 fxe4 20. Bxd6 Qxf2+ 21. Kh1 h6
22. Qh5 Bxh3 23. gxh3 Rf3 24. Qg4 h5 25. Qe6+ Kh8 26. Re2 Qd4 27. Rd1 Rd3 28.
Rg1 Rd8 29. Rxg7 1-0

[Event "N1 Reykjavik Open 2014"]
[Site "Reykjavik ISL"]
[Date "2014.03.05"]
[Round "2.33"]
[White "Bongartz, Philipp"]
[Black "Thorhallsson, Throstur"]
[Result "1/2-1/2"]
[BlackTitle "GM"]
[WhiteElo "2143"]
[BlackElo "2435"]
[WhiteFideId "24610623"]
[BlackFideId "2300109"]
[EventDate "2014.03.04"]

1. e4 c5 2. Nf3 e6 3. d4 cxd4 4. Nxd4 Nc6 5. Nb5 d6 6. c4 a6 7. N1a3 Nf6 8. Nc3
Be7 9. Be2 O-O 10. O-O Qc7 11. Bf4 Ne5 12. Bg3 b6 13. Rc1 Bb7 14. f4 Ned7 15.
Bf3 Rac8 16. Qe2 Rfd8 17. Kh1 Qb8 18. Nc2 Nc5 19. e5 Ne8 20. Ne3 Bxf3 21. Qxf3
Qa8 22. Qg4 dxe5 23. fxe5 Rd3 24. Ncd5 Qb7 25. b4 Rxe3 26. Nxe3 Nd3 1/2-1/2

[Event "N1 Reykjavik Open 2014"]
[Site "Reykjavik ISL"]
[Date "2014.03.05"]
[Round "2.34"]
[White "Norowitz, Yaacov"]
[Black "Marentini, Marcel"]
[Result "1-0"]
[WhiteTitle "IM"]
[WhiteElo "2430"]
[BlackElo "2155"]
[WhiteFideId "2024799"]
[BlackFideId "1318730"]
[EventDate "2014.03.04"]

1. d4 Nf6 2. Nf3 e6 3. Bg5 d5 4. e3 Be7 5. Bd3 b6 6. Ne5 Nfd7 7. Bf4 Nxe5 8.
Bxe5 Bf6 9. f4 Ba6 10. Bxa6 Nxa6 11. Qe2 Nb8 12. Nc3 Nd7 13. e4 dxe4 14. Qxe4
O-O 15. O-O-O Qc8 16. g4 c5 17. g5 Be7 18. d5 exd5 19. Nxd5 1-0

[Event "N1 Reykjavik Open 2014"]
[Site "Reykjavik ISL"]
[Date "2014.03.05"]
[Round "2.36"]
[White "Tania, Sachdev"]
[Black "Chernukhin, Alexander"]
[Result "1-0"]
[WhiteTitle "IM"]
[WhiteElo "2423"]
[BlackElo "2135"]
[WhiteFideId "5007844"]
[BlackFideId "24177199"]
[EventDate "2014.03.04"]

1. d4 e6 2. Nf3 f5 3. g3 Nf6 4. Bg2 d5 5. c4 c6 6. O-O Bd6 7. Nbd2 Nbd7 8. Ne1
O-O 9. Nd3 b6 10. Nf3 Ne4 11. Bf4 Bxf4 12. Nxf4 Qe7 13. Qc2 Bb7 14. Rfd1 Rfe8
15. e3 Qd6 16. Nd3 Rac8 17. b4 Ba6 18. c5 Bxd3 19. Qxd3 bxc5 20. bxc5 Qc7 21.
Ne1 Ndf6 22. f3 Ng5 23. Qa3 Rb8 24. Nd3 Nf7 25. f4 a5 26. Rab1 h5 27. Bf3 g6 28.
Rb3 Nd7 29. Rdb1 Rxb3 30. axb3 Rb8 31. Ra1 Qb7 32. Bd1 Qb5 33. Bc2 Ra8 34. b4 a4
35. Nc1 Rb8 36. Bxa4 Qxb4 37. Qxb4 Rxb4 38. Nd3 Rc4 39. Bxc6 Nf6 40. Ra8+ Kg7
41. Ra7 Kf8 42. Rxf7+ Kxf7 43. Ne5+ Ke7 44. Nxc4 dxc4 45. Kf2 Ng4+ 46. Ke2 Nxh2
47. e4 c3 48. d5 exd5 49. exd5 c2 50. Kd2 Nf1+ 51. Kxc2 Nxg3 52. Kd3 h4 53. Kd4
h3 54. d6+ Kd8 55. Bf3 h2 56. c6 Ne4 57. Ke5 Ke8 58. Bg2 Kd8 59. Bf1 Nc5 60. c7+
Kd7 61. Bb5+ Kc8 62. Bc6 Ne4 63. Ke6 h1=Q 64. Bd7+ Kb7 65. c8=Q+ Ka7 66. Qc7+
Ka6 67. Qc6+ Ka7 68. Qa4+ Kb6 69. Qb5+ Ka7 70. Bc6 1-0

[Event "N1 Reykjavik Open 2014"]
[Site "Reykjavik ISL"]
[Date "2014.03.05"]
[Round "2.37"]
[White "Kenney, Jason"]
[Black "Bekker-Jensen, Simon"]
[Result "1/2-1/2"]
[BlackTitle "IM"]
[WhiteElo "2124"]
[BlackElo "2418"]
[WhiteFideId "2606690"]
[BlackFideId "1403613"]
[EventDate "2014.03.04"]

1. c4 Nf6 2. g3 g6 3. Bg2 Bg7 4. Nc3 O-O 5. e4 d6 6. Nge2 c5 7. O-O Nc6 8. d3 a6
9. a4 Rb8 10. h3 Ne8 11. Be3 Nc7 12. d4 cxd4 13. Nxd4 Ne6 14. Nde2 Nc5 15. Rb1
Nb4 16. Bd4 e5 17. Bxc5 dxc5 18. Qxd8 Rxd8 19. Rfd1 Be6 20. b3 Rxd1+ 21. Rxd1
Nc6 22. Bf1 Na5 23. Rb1 Bh6 24. Nd5 Bxd5 25. exd5 f5 26. g4 Kf7 27. Ng3 Kf6 28.
h4 Bf4 29. b4 cxb4 30. Rxb4 Bxg3 31. Rb6+ Kg7 32. fxg3 Rc8 33. gxf5 gxf5 34. Re6
e4 35. g4 Nxc4 36. gxf5 Ne3 37. Rxe4 Nxd5 38. Bg2 Kf7 39. Rd4 Rc1+ 1/2-1/2

[Event "N1 Reykjavik Open 2014"]
[Site "Reykjavik ISL"]
[Date "2014.03.05"]
[Round "2.38"]
[White "Karavade, Eesha"]
[Black "Bjornsson, Sverrir Orn"]
[Result "1-0"]
[WhiteTitle "IM"]
[WhiteElo "2408"]
[BlackElo "2126"]
[WhiteFideId "5012600"]
[BlackFideId "2301954"]
[EventDate "2014.03.04"]

1. d4 Nf6 2. c4 e6 3. Nc3 Bb4 4. Qc2 Nc6 5. Nf3 d6 6. Bd2 O-O 7. a3 Bxc3 8. Bxc3
Re8 9. e3 e5 10. d5 Nb8 11. Nd2 a5 12. Bd3 Nbd7 13. b4 axb4 14. axb4 Rxa1+ 15.
Bxa1 c6 16. dxc6 bxc6 17. O-O Qb6 18. Bc3 Bb7 19. Rb1 Ra8 20. c5 Qc7 21. Nc4 d5
22. Nd6 e4 23. Be2 Ne8 24. Nxb7 Qxb7 25. b5 Nxc5 26. bxc6 Qc7 27. Bd4 Ne6 28.
Bb6 Qe5 29. Rd1 Ra1 30. f4 Rxd1+ 31. Bxd1 Qd6 32. h3 g6 33. Qc3 N6c7 34. Bg4 f5
35. Bd1 Ne6 36. Bb3 Kf7 37. Ba5 N8c7 38. Bb4 Qd8 39. Qe5 Qb8 40. Qd6 Qd8 41.
Qxd8 Nxd8 42. Bd6 Nde6 43. Kf2 h6 44. g4 Ne8 45. Be5 N6c7 46. gxf5 gxf5 47. Kg3
Kg6 48. Kh4 Nb5 49. Bxd5 Nbc7 50. Bc4 Na8 51. Ba6 Nac7 52. Be2 1-0

[Event "N1 Reykjavik Open 2014"]
[Site "Reykjavik ISL"]
[Date "2014.03.05"]
[Round "2.39"]
[White "Johannesson, Oliver"]
[Black "L'Ami, Alina"]
[Result "1/2-1/2"]
[BlackTitle "WGM"]
[WhiteElo "2115"]
[BlackElo "2398"]
[WhiteFideId "2305623"]
[BlackFideId "1210246"]
[EventDate "2014.03.04"]

1. d4 Nf6 2. c4 g6 3. Nc3 Bg7 4. Nf3 d6 5. Bg5 h6 6. Bh4 g5 7. Bg3 Nh5 8. e3 c5
9. Rc1 Nxg3 10. hxg3 g4 11. Nh4 Qb6 12. dxc5 dxc5 13. Qc2 Nc6 14. Be2 Be6 15.
O-O O-O-O 16. b3 Nb4 17. Na4 Nxc2 18. Nxb6+ axb6 19. Rxc2 Rd7 20. f4 gxf3 21.
gxf3 Rhd8 22. Rf2 Bf6 23. Bf1 Rd1 24. Kh2 Rg8 25. Bh3 Bxh3 26. Kxh3 Rgd8 27. Kg2
e6 28. f4 Bxh4 29. gxh4 f5 30. Kf3 Rh1 31. Rh2 Rdd1 32. Kg3 Kd7 33. Rcd2+ Ke7
34. Rxh1 Rxd2 35. Rh2 Rd1 36. Kf3 Kf7 37. Rg2 Rh1 38. Rd2 Ke7 39. Kg3 h5 40. Rd3
Rg1+ 41. Kh3 Ra1 42. a4 Rg1 43. Kh2 Rg4 44. Kh3 e5 45. Rd5 exf4 46. Rxf5 fxe3
47. Re5+ Kf6 48. Rxe3 Rd4 49. Rg3 Re4 50. Rd3 Kf5 51. Kg3 Rg4+ 52. Kh3 Rd4 53.
Rg3 Kf4 54. Rg5 Rd3+ 55. Kg2 Rxb3 56. Rxh5 Rb4 57. Rh7 Rxc4 58. h5 Kg5 59. Rxb7
Rb4 60. Kf3 Kxh5 61. Ke3 Kg5 62. Ra7 Kf5 63. a5 b5 64. a6 Ra4 65. Ra8 Kf6 66. a7
Kg7 67. Rb8 Rxa7 68. Rxb5 Rc7 69. Kd3 c4+ 70. Kc3 Kf6 1/2-1/2

[Event "N1 Reykjavik Open 2014"]
[Site "Reykjavik ISL"]
[Date "2014.03.05"]
[Round "2.40"]
[White "Aravindh, Chithambaram VR."]
[Black "Sigeman, Johan"]
[Result "1-0"]
[WhiteTitle "FM"]
[WhiteElo "2395"]
[BlackElo "2123"]
[WhiteFideId "5072786"]
[BlackFideId "1705601"]
[EventDate "2014.03.04"]

1. e4 e5 2. Nf3 Nc6 3. Bb5 g6 4. O-O Bg7 5. c3 a6 6. Ba4 b5 7. Bb3 Nge7 8. a4
Bb7 9. d4 exd4 10. cxd4 O-O 11. Bg5 Na5 12. Bc2 h6 13. Bh4 d6 14. Nc3 c6 15. Re1
Re8 16. e5 d5 17. e6 f6 18. Ne2 Qd6 19. b3 c5 20. dxc5 Qxc5 21. Nf4 bxa4 22.
Rxa4 Nac6 23. Nxg6 Nb4 24. Nxe7+ Rxe7 25. Bg6 Bc6 26. Ra1 Bb5 27. Nd4 Bd3 28.
Bxd3 1-0

[Event "N1 Reykjavik Open 2014"]
[Site "Reykjavik ISL"]
[Date "2014.03.05"]
[Round "2.41"]
[White "Ragnarsson, Dagur"]
[Black "Soors, Stef"]
[Result "0-1"]
[BlackTitle "IM"]
[WhiteElo "2105"]
[BlackElo "2394"]
[WhiteFideId "2304058"]
[BlackFideId "209511"]
[EventDate "2014.03.04"]

1. c4 e5 2. g3 Nc6 3. Bg2 Bc5 4. Nc3 a6 5. Nf3 d6 6. O-O Nf6 7. d3 h6 8. a3 O-O
9. b4 Ba7 10. Bb2 Be6 11. Rc1 Qd7 12. e3 Ne7 13. Ne2 Bh3 14. d4 e4 15. Nd2 d5
16. a4 c6 17. Nb3 dxc4 18. Nc5 Qc8 19. a5 Ned5 20. Rxc4 Re8 21. Re1 Re7 22. Nf4
Bxg2 23. Kxg2 Qf5 24. f3 Rae8 25. Nxd5 Qxd5 26. Rc3 Qa2 27. Rb3 Bxc5 28. dxc5
exf3+ 29. Kxf3 Rd7 30. Qc2 Ne4 31. Rd1 Rxd1 32. Qxd1 Qxb3 0-1

[Event "N1 Reykjavik Open 2014"]
[Site "Reykjavik ISL"]
[Date "2014.03.05"]
[Round "2.42"]
[White "Thorfinnsson, Bjorn"]
[Black "Hackner, Oskar A"]
[Result "1-0"]
[WhiteTitle "IM"]
[WhiteElo "2389"]
[BlackElo "2105"]
[WhiteFideId "2300982"]
[BlackFideId "424188"]
[EventDate "2014.03.04"]

1. Nf3 Nf6 2. g3 b6 3. Bg2 Bb7 4. c4 c5 5. O-O e6 6. d3 Be7 7. e4 d5 8. e5 Nfd7
9. Nc3 d4 10. Nb1 Nc6 11. Re1 Qc7 12. Qe2 a6 13. Bd2 b5 14. b3 O-O 15. Bf4 Nb4
16. a3 Qa5 17. Bd2 bxc4 18. dxc4 f6 19. exf6 Bxf6 20. Qxe6+ Rf7 21. Ng5 Bxg5 22.
Bxb7 Nf8 23. Qe4 Ra7 24. Bd5 Bxd2 25. Bxf7+ Rxf7 26. Nxd2 Nc6 27. b4 Qb6 28.
bxc5 Qxc5 29. Qd5 Qxd5 30. cxd5 Ne7 31. d6 Nf5 32. Nc4 Rd7 33. Rad1 h5 34. Re5
g6 35. Ra5 Ra7 36. Rxf5 gxf5 37. Rxd4 Kf7 38. d7 Nxd7 39. Rxd7+ Rxd7 40. Ne5+
Ke6 41. Nxd7 Kxd7 42. Kg2 Ke6 43. Kf3 Ke5 44. h4 f4 45. g4 hxg4+ 46. Kxg4 1-0

[Event "N1 Reykjavik Open 2014"]
[Site "Reykjavik ISL"]
[Date "2014.03.05"]
[Round "2.43"]
[White "Petursson, Gudni"]
[Black "Arngrimsson, Dagur"]
[Result "0-1"]
[BlackTitle "IM"]
[WhiteElo "2104"]
[BlackElo "2382"]
[WhiteFideId "2301725"]
[BlackFideId "2301288"]
[EventDate "2014.03.04"]

1. d4 f5 2. c4 Nf6 3. g3 g6 4. Bg2 Bg7 5. Nh3 O-O 6. O-O d6 7. Nc3 c6 8. b3 Na6
9. Bb2 Kh8 10. a3 Qe8 11. d5 Nc7 12. Qd3 Bd7 13. Rfe1 h6 14. f4 Qf7 15. e3 Rad8
16. Rad1 Kh7 17. Ba1 Na6 18. b4 Nc7 19. dxc6 bxc6 20. Nf2 Be6 21. Bf1 d5 22. c5
Bc8 23. Qc2 a6 24. Ne2 Bb7 25. Nd4 e5 26. Nf3 Nd7 27. Nxe5 Nxe5 28. Bxe5 Bxe5
29. fxe5 Rde8 30. Nd3 Ra8 31. Qb2 Rfb8 32. Qd2 Qe7 33. Rb1 Ne6 34. Bg2 Bc8 35.
Qc3 Ng5 36. Rb2 Bd7 37. Reb1 Nf7 38. a4 Qe6 39. Qd4 Re8 40. Kf2 Nxe5 41. Nxe5
Qxe5 42. Qxe5 Rxe5 43. Rd1 Rae8 44. Rb3 g5 45. Rd4 Kg7 46. Bf1 Ra8 47. Bg2 Kf6
48. Rb2 Ree8 49. Rb3 Rec8 50. a5 Rc7 51. Bf1 Bc8 52. Rb2 Rb8 53. Rb3 Re7 54. Bg2
Bb7 55. Bf3 Kg6 56. Bg2 Rbe8 57. Bf3 Bc8 58. Bg2 h5 59. h4 f4 60. gxf4 gxh4 61.
Bf3 Bg4 62. Rd1 Kf5 63. Rh1 h3 64. Rd3 d4 65. exd4 Kxf4 66. Rc3 Re3 67. Rxe3
Rxe3 68. Bxc6 Re2+ 69. Kf1 h2 70. b5 Ke3 71. Rxh2 Rxh2 72. bxa6 Bf3 73. Bxf3
Kxf3 74. Ke1 Re2+ 75. Kd1 h4 0-1

[Event "N1 Reykjavik Open 2014"]
[Site "Reykjavik ISL"]
[Date "2014.03.05"]
[Round "2.44"]
[White "Abrahamyan, Tatev"]
[Black "Zhang, Fan"]
[Result "1-0"]
[WhiteTitle "WGM"]
[BlackTitle "WFM"]
[WhiteElo "2376"]
[BlackElo "2104"]
[WhiteFideId "13301918"]
[BlackFideId "24609730"]
[EventDate "2014.03.04"]

1. e4 e6 2. d4 d5 3. e5 c5 4. c3 Nc6 5. Nf3 Qb6 6. a3 Nh6 7. b4 cxd4 8. cxd4 Nf5
9. Bb2 h5 10. Bd3 Be7 11. O-O g5 12. Bxf5 exf5 13. Nc3 Be6 14. Na4 Qb5 15. Nc5
g4 16. Ne1 b6 17. a4 Qxb4 18. Ned3 Qa5 19. Nb7 Qa6 20. Nd6+ Bxd6 21. exd6 Na5
22. Ne5 Nc4 23. Qe2 Qb7 24. Nxc4 dxc4 25. d5 Qxd5 26. Bxh8 O-O-O 27. Rfd1 Qc6
28. Bf6 Rg8 29. Qe5 Kb7 30. d7 1-0

[Event "N1 Reykjavik Open 2014"]
[Site "Reykjavik ISL"]
[Date "2014.03.05"]
[Round "2.45"]
[White "Bergsson, Stefan"]
[Black "Cawdery, Daniel"]
[Result "0-1"]
[BlackTitle "FM"]
[WhiteElo "2099"]
[BlackElo "2362"]
[WhiteFideId "2301393"]
[BlackFideId "14300249"]
[EventDate "2014.03.04"]

1. e4 c5 2. Nc3 Nc6 3. Bb5 Nd4 4. Bc4 g6 5. Nf3 Bg7 6. Nxd4 cxd4 7. Qf3 Nh6 8.
Ne2 O-O 9. c3 e6 10. Nxd4 d5 11. Bb3 e5 12. Nb5 dxe4 13. Qxe4 Bf5 14. Qb4 Re8
15. Qc5 Bd3 16. Na3 Qg5 17. Rg1 Qh5 0-1

[Event "N1 Reykjavik Open 2014"]
[Site "Reykjavik ISL"]
[Date "2014.03.05"]
[Round "2.46"]
[White "Dubessay, Bastien"]
[Black "Schaefer, Reyk"]
[Result "1/2-1/2"]
[WhiteTitle "FM"]
[WhiteElo "2362"]
[BlackElo "2102"]
[WhiteFideId "650048"]
[BlackFideId "4640543"]
[EventDate "2014.03.04"]

1. d4 Nf6 2. c4 g6 3. f3 Bg7 4. e4 d6 5. Nc3 O-O 6. Bg5 c5 7. d5 Na6 8. Qd2 Re8
9. Nge2 Nc7 10. Nc1 e6 11. a4 exd5 12. cxd5 a6 13. Be2 Bd7 14. O-O b5 15. axb5
axb5 16. Rxa8 Qxa8 17. Qf4 Nfxd5 18. exd5 Be5 19. Qd2 f5 20. Kh1 b4 21. Nd1 Qxd5
22. Qxd5+ Nxd5 23. Bc4 Be6 24. Nd3 Bd4 25. Re1 Nc7 26. Rxe6 Nxe6 27. Nf4 Kf7 28.
g4 fxg4 29. fxg4 Bf6 30. Nxe6 Rxe6 31. Bd2 Ke7 32. Bxe6 Kxe6 33. Kg2 Kd5 34. Kf3
Kc4 35. Bf4 d5 36. Bd6 Bd4 37. Ne3+ Kb3 38. Nxd5 Kxb2 39. Nxb4 cxb4 40. Bxb4 Bf6
41. Ke4 Kb3 42. Bd6 Kc4 43. Be5 Bd8 44. h3 Be7 1/2-1/2

[Event "N1 Reykjavik Open 2014"]
[Site "Reykjavik ISL"]
[Date "2014.03.05"]
[Round "2.47"]
[White "Restuccia, Francisco"]
[Black "Bjornsson, Sigurbjorn"]
[Result "1-0"]
[BlackTitle "FM"]
[WhiteElo "2093"]
[BlackElo "2360"]
[WhiteFideId "105511"]
[BlackFideId "2300974"]
[EventDate "2014.03.04"]

1. e4 c5 2. c3 Nf6 3. e5 Nd5 4. d4 cxd4 5. Qxd4 e6 6. Bc4 Nc6 7. Qe4 f5 8. Qe2
Nde7 9. Nf3 Ng6 10. O-O Qc7 11. Re1 Be7 12. a4 O-O 13. Na3 a6 14. b4 b6 15. Bb3
Bb7 16. Nc4 Rab8 17. Bd2 Nd8 18. a5 b5 19. Nb6 Nf7 20. Nd4 Nfxe5 21. Nxd7 Nxd7
22. Nxe6 Qd6 23. Rad1 Bd5 24. Bf4 Nxf4 25. Nxf4 Qxf4 26. Rxd5 Kh8 27. Qxe7 Nf6
28. Rd4 Qg5 29. Red1 Rbe8 30. Rd8 h6 31. Rxe8 Rxe8 32. Qd6 Ne4 33. Qd7 Nf6 34.
Qd4 Re7 35. Qd8+ Re8 36. Qd6 Ne4 37. Qd4 Qe7 38. h3 Rc8 39. Re1 Qc7 40. Be6 Rf8
41. Bxf5 Qxc3 42. Qxc3 Nxc3 43. g4 Nd5 44. Re4 Ra8 45. Rd4 Nf6 46. Bg6 Kg8 47.
h4 Kf8 48. g5 hxg5 49. hxg5 Ng8 50. Rd7 Ne7 51. Be4 Rc8 52. g6 Ke8 53. Rd6 Rc4
54. f3 Rxb4 55. Rxa6 Ra4 56. Bd3 Ra1+ 57. Kf2 b4 58. Ra8+ Kd7 59. a6 b3 60. Rb8
Ra2+ 61. Kg3 Ra3 62. Rb7+ Kd6 63. a7 b2 64. Be4 Nd5 65. Rxg7 Nc3 66. Bf5 Ra5 67.
Rd7+ Ke5 68. g7 Kxf5 69. g8=Q b1=Q 70. Qg4+ Ke5 71. Qf4+ Ke6 72. Rd6+ Ke7 73.
Qf6+ 1-0

[Event "N1 Reykjavik Open 2014"]
[Site "Reykjavik ISL"]
[Date "2014.03.05"]
[Round "2.48"]
[White "Gullaksen, Eirik"]
[Black "Fehr, Axel"]
[Result "1/2-1/2"]
[WhiteTitle "IM"]
[WhiteElo "2359"]
[BlackElo "2101"]
[WhiteFideId "1500945"]
[BlackFideId "4675185"]
[EventDate "2014.03.04"]

1. e4 Nf6 2. e5 Nd5 3. d4 d6 4. c4 Nb6 5. exd6 exd6 6. Bd3 Be7 7. Ne2 O-O 8. h3
Nc6 9. Nbc3 Bf6 10. Bc2 Re8 11. O-O g6 12. b3 Bg7 13. Be3 Ne7 14. Ng3 d5 15. c5
Nd7 16. b4 a5 17. a3 axb4 18. axb4 Rxa1 19. Qxa1 Nf8 20. Rd1 Ne6 21. b5 f5 22.
Nge2 g5 23. f4 Ng6 24. Bxf5 Nexf4 25. Nxf4 Bxf5 26. Nxg6 hxg6 27. Bf2 g4 28.
hxg4 Bxg4 29. Re1 Rf8 30. Qa2 c6 31. Qd2 Qf6 32. Ra1 Kh7 1/2-1/2

[Event "N1 Reykjavik Open 2014"]
[Site "Reykjavik ISL"]
[Date "2014.03.05"]
[Round "2.49"]
[White "Klundt, Klaus"]
[Black "Grove, Michael"]
[Result "1-0"]
[WhiteTitle "IM"]
[WhiteElo "2341"]
[BlackElo "2097"]
[WhiteFideId "4600436"]
[BlackFideId "2403943"]
[EventDate "2014.03.04"]

1. e4 c5 2. Nf3 g6 3. d4 cxd4 4. Nxd4 Bg7 5. Nc3 Nc6 6. Be3 Nf6 7. Bc4 O-O 8.
Bb3 d6 9. h3 Na5 10. O-O b6 11. Re1 Bb7 12. Bg5 Rc8 13. Nd5 a6 14. Qd3 e6 15.
Nxf6+ Bxf6 16. Bh6 Re8 17. Rad1 Qc7 18. c3 Nxb3 19. axb3 d5 20. exd5 Bxd5 21.
Qxa6 e5 22. Nb5 Qc6 23. Na7 Qa8 24. Rxd5 1-0

[Event "N1 Reykjavik Open 2014"]
[Site "Reykjavik ISL"]
[Date "2014.03.05"]
[Round "2.50"]
[White "Sverrisson, Nokkvi"]
[Black "Antal, Tibor Kende"]
[Result "0-1"]
[BlackTitle "FM"]
[WhiteElo "2066"]
[BlackElo "2325"]
[WhiteFideId "2304376"]
[BlackFideId "738581"]
[EventDate "2014.03.04"]

1. e4 c5 2. Nf3 d6 3. d4 cxd4 4. Nxd4 Nf6 5. Nc3 a6 6. Be3 e5 7. Nf3 Be7 8. Bc4
O-O 9. O-O Qc7 10. Bb3 Be6 11. Qe2 Rc8 12. Rfd1 b5 13. Rac1 Bc4 14. Bxc4 bxc4
15. Nd5 Nxd5 16. Rxd5 Nd7 17. c3 Nf6 18. Rdd1 Nxe4 19. Nd2 Qc6 20. Nxe4 Qxe4 21.
b4 cxb3 22. axb3 a5 23. c4 Rcb8 24. Rd3 Rb4 25. Rdc3 Qb7 26. c5 dxc5 27. Bxc5
Bxc5 28. Rxc5 Rxb3 29. Rxe5 Qb8 30. g3 Rb1 31. Rxb1 Qxb1+ 32. Kg2 Qb7+ 33. f3
Qc6 34. Qa2 Qa6 35. Re7 Rf8 36. Re5 a4 37. Re4 a3 38. Re3 Ra8 39. Re7 Rf8 40.
Re3 Ra8 41. Re7 Kh8 42. Qxf7 Qg6 43. Qxg6 hxg6 44. Re1 a2 45. Ra1 Kg8 46. Kf2
Kf7 47. Ke3 Ke6 48. Kd4 Kf5 49. f4 Kg4 50. Ke4 Ra5 51. Ke3 Kh3 52. Kf3 Ra3+ 53.
Kf2 Kxh2 0-1

[Event "N1 Reykjavik Open 2014"]
[Site "Reykjavik ISL"]
[Date "2014.03.05"]
[Round "2.51"]
[White "Vojinovic, Jovana"]
[Black "Wengler, Joerg"]
[Result "1-0"]
[WhiteTitle "WGM"]
[WhiteElo "2323"]
[BlackElo "2080"]
[WhiteFideId "937266"]
[BlackFideId "4666100"]
[EventDate "2014.03.04"]

1. Nf3 d5 2. g3 Nf6 3. Bg2 g6 4. c4 c6 5. Qc2 Bg7 6. O-O O-O 7. d3 dxc4 8. Qxc4
Qd5 9. Qh4 Qh5 10. Qxh5 Nxh5 11. Nc3 Nd7 12. Nd2 Nb6 13. Nb3 Nf6 14. Na5 Nbd5
15. Bd2 Rd8 16. Rab1 e5 17. b4 Nxc3 18. Bxc3 Nd5 19. Bd2 Rb8 20. Rfc1 Bg4 21.
Kf1 Be6 22. b5 cxb5 23. Rxb5 Rd7 24. Nc6 Re8 25. Bxd5 Rxd5 26. Rxd5 bxc6 27. Ra5
Re7 28. f3 Rb7 29. Rxc6 Rb2 30. Be3 Kf8 31. a3 1-0